La pedagogía por objetivos: obsesión por la eficiencia

Gespeichert in:
Bibliographische Detailangaben
1. Verfasser: Gimeno Sacristán, José (autor)
Format: Buch
Sprache:Englisch
Veröffentlicht: Madrid, España Morata 1982
Schriftenreihe:Pedagogía
Schlagworte:
Tags: Tag hinzufügen
Keine Tags, Fügen Sie den ersten Tag hinzu!

MARC

LEADER 00000nam a22000007a 4500
003 CL-VaPUC
005 20231106092948.0
008 200330b ||||| |||| 00| 0 eng d
999 |c 423185  |d 423183 
020 |a 9788471122087 
040 |c Pontificia Universidad Católica de Valparaíso 
082 0 4 |2 21  |a 370.11 GIM 1982 
100 |a Gimeno Sacristán, José  |e autor  |9 814227 
245 1 3 |a La pedagogía por objetivos: obsesión por la eficiencia 
260 3 |a Madrid, España  |b Morata  |c 1982 
300 |a 179 páginas 
490 0 |a Pedagogía 
583 |c 20200330  |k Daniel Castañeda 
650 1 0 |a Planificación de la educación   |x FILOSOFIA DE LA EDUCACION  |9 307333 
650 1 0 |a Objetivos educativos  |x FILOSOFIA DE LA EDUCACION  |9 306344 
650 1 0 |a Rendimiento académico   |9 308146 
942 |2 ddc  |c BK 
952 |0 0  |1 0  |2 ddc  |4 0  |6 370_110000000000000_GIM_1982  |7 0  |8 A  |9 562199  |a BIBEDU  |b BIBEDU  |d 2020-03-30  |i 5618452  |o 370.11 GIM 1982  |p 5618452  |r 2020-03-30  |t 1  |w 2020-03-30  |y BK  |k EPE